000 00551nam a2200229Ia 4500
003 OSt
005 20221005122230.0
006 a|||||r|||| 00| 0
007 ta
008 221004b |||||||| |||| 00| 0 eng d
024 _a64907
037 _cTextual
040 _aCRL
_cCRL
_beng
041 _2eng
_aeng
082 _aV44Q7:1:N5, H4
100 _aKulkarni V B
245 0 _aIs Pakistan necessary?
260 _c1944
650 _aHISTORY
942 _hV44Q7:1:N5, H4
_cTEXL
_2cc
999 _c1043686
_d1043686